Štatistická ročenka hlavného mesta SR Bratislavy 2002

Enregistré dans:
Détails bibliographiques
Format: Livre
Langue:slovaque
Publié: Bratislava Krajská správa ŠÚ SR [2002]
Sujets:
Tags: Ajouter un tag
Pas de tags, Soyez le premier à ajouter un tag!

MARC

LEADER 00000nam a2200000 4500
001 c143137
005 20240509072249.0
041 0 |a slo 
044 |a SK 
245 1 0 |a Štatistická ročenka hlavného mesta SR Bratislavy 2002 
264 1 |a Bratislava  |b Krajská správa ŠÚ SR  |c [2002] 
300 |a 257 s. 
610 2 0 |a Slovensko 
610 2 0 |a Bratislava 
610 2 0 |a mestá